000 00413nam a22001697a 4500
005 20180531123128.0
008 160430b xxu||||| |||| 00| 0 eng d
020 _a1403-91104-5
041 _aeng
082 _b1040
_a519.5
100 _aHooda R.P.
_9328
245 _aStatistics for Business & Economics
260 _bMc Millan India Pvt. Ltd.
_c1994
300 _a855
650 _aManagement
_9241
942 _cBK
999 _c377
_d377